Russell's soil conditions and plant growth
Zapisane w:
| Format: | Książka |
|---|---|
| Język: | Undetermined |
| Wydane: |
London
English language book society/ Longman
1988
|
| Hasła przedmiotowe: | |
| Etykiety: |
Dodaj etykietę
Nie ma etykietki, Dołącz pierwszą etykiete!
|
| Thư viện lưu trữ: | Trung tâm Học liệu Trường Đại học Cần Thơ |
|---|
| LEADER | 00501nam a2200169Ia 4500 | ||
|---|---|---|---|
| 001 | CTU_21822 | ||
| 008 | 210402s9999 xx 000 0 und d | ||
| 082 | |a 631.4 | ||
| 082 | |b R961 | ||
| 245 | 0 | |a Russell's soil conditions and plant growth | |
| 245 | 0 | |c Edited by: Alan Wild | |
| 260 | |a London | ||
| 260 | |b English language book society/ Longman | ||
| 260 | |c 1988 | ||
| 650 | |a Soil conditioners,Soil science | ||
| 904 | |i QHieu (sửa) | ||
| 980 | |a Trung tâm Học liệu Trường Đại học Cần Thơ | ||